Recruitment and selection in Canada / (Record no. 669)

000 -LEADER
fixed length control field 00833cam a2200265 a 4500
003 - CONTROL NUMBER IDENTIFIER
control field CaOONL
005 - DATE AND TIME OF LATEST TRANSACTION
control field 20210616093057.0
008 - FIXED-LENGTH DATA ELEMENTS--GENERAL INFORMATION
fixed length control field 960906s1997 onc b 001 0 eng c
020 ## - INTERNATIONAL STANDARD BOOK NUMBER
International Standard Book Number 0176048278 :
040 ## - CATALOGING SOURCE
Transcribing agency CaOONL
055 #3 - CLASSIFICATION NUMBERS ASSIGNED IN CANADA
Classification number HF5549.5 R44
Item number R417 1996
090 ## - LOCALLY ASSIGNED LC-TYPE CALL NUMBER (OCLC); LOCAL CALL NUMBER (RLIN)
Classification number (OCLC) (R) ; Classification number, CALL (RLIN) (NR) HF5549.5.R44
Local cutter number (OCLC) ; Book number/undivided call number, CALL (RLIN) R417 1997
245 00 - TITLE STATEMENT
Title Recruitment and selection in Canada /
Statement of responsibility, etc. Victor Catano ... [et al.].
260 ## - PUBLICATION, DISTRIBUTION, ETC.
Place of publication, distribution, etc. Toronto :
Name of publisher, distributor, etc. ITP Nelson,
Date of publication, distribution, etc. 1997.
300 ## - PHYSICAL DESCRIPTION
Extent xxii, 488 ;
Dimensions 24 cm.
440 #0 - SERIES STATEMENT/ADDED ENTRY--TITLE
Title Nelson Canada series in human resources management.
504 ## - BIBLIOGRAPHY, ETC. NOTE
Bibliography, etc. note Includes bibliographical references and index.
650 #0 - SUBJECT ADDED ENTRY--TOPICAL TERM
Topical term or geographic name entry element Employees
General subdivision Recruiting
Geographic subdivision Canada.
650 #0 - SUBJECT ADDED ENTRY--TOPICAL TERM
Topical term or geographic name entry element Employee selection
Geographic subdivision Canada.
700 1# - ADDED ENTRY--PERSONAL NAME
Personal name Catano, Victor,
Dates associated with a name 1944-
942 ## - ADDED ENTRY ELEMENTS (KOHA)
Source of classification or shelving scheme
Koha item type Book
Suppress in OPAC DO
Holdings
Withdrawn status Lost status Source of classification or shelving scheme Damaged status Not for loan Permanent Location Current Location Shelving location Date acquired Total Checkouts Full call number Barcode Date last seen Price effective from Koha item type Public note
          AU LIBRARY AU LIBRARY Open Shelf 16.06.2021   HF5549 .R44 1997 28001130 16.06.2021 16.06.2021 Book DO

Powered by Koha